German alphabet sounds - Statistics

General Stats
  • This quiz has been taken 5 times
  • The average score is 15 of 26
Answer Stats
English Answer % Correct
A Ahh
100%
B Bee
80%
C Cee
80%
D Dee
80%
F Ef
80%
L El
80%
M Em
80%
N En
80%
G Gee
80%
H Haa
80%
K Kaa
80%
O Oh
80%
P Pee
80%
Q Q
80%
T Tee
80%
E Eee
60%
I Iii
60%
J Jot
60%
U Uuh
40%
Z Zett/Zsz
40%
Y Epsilon
0%
R Rrrrr
0%
S Sss
0%
V Vaa
0%
W Wuh
0%
X Xzs
0%
No matching quizzes found
Score Distribution
Percent of People with Each Score
Percentile by Number Answered
Your Score History
You have not taken this quiz